| 000 | 00500nam a2200181Ia 4500 | ||
|---|---|---|---|
| 001 | 71473 | ||
| 008 | 160226s9999 xx 000 0 und d | ||
| 020 | _a9780415820325 | ||
| 040 | _cPK-LaUMT | ||
| 082 |
_a 155.8201 _bCHI-F |
||
| 100 | _aChirkov, Valery | ||
| 245 |
_aFundamentals of research on culture and psychology _btheory and methods _cChirkov, Valery |
||
| 260 |
_aLondon,UK: _bRoutledge, _c2016 |
||
| 300 | _a307 p. | ||
| 546 | _aEN | ||
| 650 | _aEthnopsychology-Methodology | ||
| 942 | _cBK | ||
| 999 |
_c83811 _d83811 |
||